• 首页
  • 本馆介绍
  • 公告通知
  • 最新文献
  • 馆藏检索
  • 电子资源
  • 读者导购
  • 参考咨询
  • 我的图书馆
  • 登录
  • 详细信息显示
  • 放入我的书架
  • 预约/预借图书
  • 作者相关作品
  • 分类相关作品
  • 丛书相关作品
  • 出版社相关作品

书目信息

  • 表格格式
  • 工作单格式
  • 卡片格式
题名:
现代外国哲学
    
 
作者: 中国现代外国哲学学会 主编
分册: 第三辑  
出版信息: 北京   人民出版社  1983.9
页数: 316页
开本: 19cm
丛书名:
单 册:
中图分类: B15
科图分类:
主题词: 哲学--世界--现代
电子资源:
ISBN:
000 00623nam0 2200205 45
001 0303190910
005 20040508104306.8
010    @dCNY1.05
091    @a2001.236
100    @a20030319d1983 km y0chiy0120 ea
101 0  @achi
105    @a z 000yy
200 1  @a现代外国哲学@h第三辑@AXian Dai Wai Guo Zhe Xue@f中国现代外国哲学学会主编@FZhong Guo Xian Dai Wai Guo Zhe Xue Xue Hui Zhu Bian
210    @a北京@c人民出版社@d1983.9
215    @a316页@d19cm
606 0  @a哲学@x世界@x现代
690    @aB15@v3
701  0 @a中国现代外国哲学学会@4主编
801    @aCN@bTSTC@c20030319
905    @dB15@e12:3@f1@b118419@b165090@f1
    
    现代外国哲学.第三辑/中国现代外国哲学学会主编.-北京:人民出版社,1983.9
    316页;19cm
    
    
    ISBN :CNY1.05
    
●
相关链接 在E读中查询图书 在五车中查询图书 在当当中查询图书 在豆瓣中查询图书


正题名:现代外国哲学     索取号:B15/12:3         预约/预借

序号 登录号 条形码 馆藏地/架位号 状态 备注
1 0118419   001124580   密集书库/ [索取号:B15/12:3] 在馆    
2 0118420   001764460   密集书库/ [索取号:B15/12:3] 在馆    
3 0165090   001124599   第一样本阅览室/ [索取号:B15/12:3] 在馆    
4 0165091   001864003   密集书库/ [索取号:B15/12:3] 在馆    
唐山师范学院图书馆 欢迎您!
大连网信软件有限公司© 版权所有